000 00925nam a22002417a 4500
999 _c165924
_d165924
005 20190705122244.0
010 _aB-97842
020 _a8182230314
_c350.00
035 _aB-97842
037 _bBPPD/Ven.
_adpl
082 _a921
_22004
100 _aقر يشی محمد فا ر و ق
245 _aمو لا نا ا بو ا لکلا م آ ز ا د ا و ر قو م پر ست مسلما نو ں کی سيا ست
_cقر يشی محمد فا ر و ق
_hUrdu
246 _a‏Moulana Abulkalam Azad Aur Quam Parast Musalmano ki Siyasat(Urdu)
_bby Mohd.Farooq Qureshi
250 _a2004 ء
260 _aDelhi
_bEducational Publishing House
270 _a3108,Vakil Street Kucha Pandit,Lal kuan
300 _a656ص
_c22cm(Hbk)
490 _aJaico illustrated classics series
942 _2ddc
_cUR
_mا ب و
_h921